Linux giáo trình lý thuyết và thực hành

Nội dung sách tìm hiểu Linux, tổng quan về cài đặt Linux, cài đặt Red Hat, cài đặt Caldera OpenLinux, chạy các ứng dụng Linux. nâng cấp và cài đặt phần mềm với RPM, tìm hiểu công tác quản trị hệ thống......

Szczegółowa specyfikacja

Zapisane w:
Opis bibliograficzny
1. autor: Nguyễn, Minh Hoàng
Format: Książka
Język:Undetermined
Wydane: Hà Nội Lao động - Xã hội 2002
Hasła przedmiotowe:
Etykiety: Dodaj etykietę
Nie ma etykietki, Dołącz pierwszą etykiete!
Thư viện lưu trữ: Trung tâm Học liệu Trường Đại học Cần Thơ
LEADER 01041nam a2200229Ia 4500
001 CTU_52207
008 210402s9999 xx 000 0 und d
020 |c 79000 
082 |a 005.42 
082 |b H407/T.1 
100 |a Nguyễn, Minh Hoàng 
245 0 |a Linux giáo trình lý thuyết và thực hành 
245 0 |c Nguyễn Minh Hoàng, Hoàng Đức Hải 
260 |a Hà Nội 
260 |b Lao động - Xã hội 
260 |c 2002 
520 |a Nội dung sách tìm hiểu Linux, tổng quan về cài đặt Linux, cài đặt Red Hat, cài đặt Caldera OpenLinux, chạy các ứng dụng Linux. nâng cấp và cài đặt phần mềm với RPM, tìm hiểu công tác quản trị hệ thống... 
526 |a Phát triển ứng dụng trên Linux 
526 |b CT206 
650 |a Linux (computer programs),Linux (chương trình máy tính) 
910 |a Huỳnh Mai 
980 |a Trung tâm Học liệu Trường Đại học Cần Thơ